Business handbook : Access Nippon 1996
Guardado en:
| Autor Corporativo: | |
|---|---|
| Formato: | Libro |
| Lenguaje: | Undetermined |
| Publicado: |
Tokyo
Access Nippon
1996
|
| Materias: | |
| Etiquetas: |
Agregar Etiqueta
Sin Etiquetas, Sea el primero en etiquetar este registro!
|
| Thư viện lưu trữ: | Trung tâm Học liệu Trường Đại học Cần Thơ |
|---|
| LEADER | 00570nam a2200229Ia 4500 | ||
|---|---|---|---|
| 001 | CTU_98387 | ||
| 008 | 210402s9999 xx 000 0 und d | ||
| 082 | |a 338.8 | ||
| 082 | |b A169 | ||
| 110 | |a Access Nippon | ||
| 245 | 0 | |a Business handbook : | |
| 245 | 0 | |b Access Nippon 1996 | |
| 245 | 0 | |c Access Nippon | |
| 260 | |a Tokyo | ||
| 260 | |b Access Nippon | ||
| 260 | |c 1996 | ||
| 650 | |a Corporations,Industries | ||
| 650 | |x Directories | ||
| 650 | |y 1945 | ||
| 650 | |z Japan,Japan | ||
| 904 | |i Giang | ||
| 980 | |a Trung tâm Học liệu Trường Đại học Cần Thơ | ||